000 00766cam a22002414a 4500
001 12971265
005 20180214050927.0
008 021017s2003 maua b 001 0 eng
010 _a 2002037995
020 _a0072332123 (softcover : alk. paper)
040 _aDLC
_cDLC
_dDLC
041 _aeng
042 _apcc
080 _a302.2 DOB
082 0 0 _a302.2 DOB
_221
100 1 _a50
101 _aSOC
245 1 0 _aCommunication in a changing world /
_cBethami A. Dobkin, Roger C. Pace.
504 _aIncludes bibliographical references (p. R1-R7) and indexes.
906 _a7
_bcbc
_corignew
_d1
_eocip
_f20
_gy-gencatlg
942 _2ddc
_cBK
999 _c42487
_d42487